000 00553cam a22001933a 4500
001 43229
003 PGUSA
005 20140828084001.0
008 130716s2013||||xxu|||||s|||||000 | eng d
040 _aPGUSA
_beng
042 _adc
245 1 4 _aThe Hawthorne :
_bA Christmas and New Years Present
_h[electronic resource] /
_cAnonymous
260 _bProject Gutenberg,
_c2013
506 _aPublic domain in the USA.
516 _aElectronic text
830 0 _aProject Gutenberg
_v43229
856 4 0 _uhttp://www.gutenberg.org/ebooks/43229
942 _cEB
999 _c272480
_d272480